The elusive quest for growth (Record no. 12239)

000 -LEADER
fixed length control field 01045cam a2200277La 4500
020 ## - INTERNATIONAL STANDARD BOOK NUMBER
ISBN 0585393095 (electronic bk.)
020 ## - INTERNATIONAL STANDARD BOOK NUMBER
ISBN 9780585393094 (electronic bk.)
020 ## - INTERNATIONAL STANDARD BOOK NUMBER
ISBN 026205065X (hc. : alk. paper)
020 ## - INTERNATIONAL STANDARD BOOK NUMBER
ISBN 9780262050654 (hc. : alk. paper)
020 ## - INTERNATIONAL STANDARD BOOK NUMBER
ISBN 0262550423 (pb)
020 ## - INTERNATIONAL STANDARD BOOK NUMBER
ISBN 9780262550420
040 ## - CATALOGING SOURCE
Transcribing agency N$T
082 04 - DEWEY DECIMAL CLASSIFICATION NUMBER
Classification number 338 MIT 2001 A019 Or.
100 1# - MAIN ENTRY--AUTHOR NAME
Personal name Easterly, William,
245 14 - TITLE STATEMENT
Title The elusive quest for growth
Remainder of title economists' adventures and misadventures in the tropics /
260 ## - PUBLICATION, DISTRIBUTION, ETC. (IMPRINT)
Place of publication Cambridge, Mass. :
Name of publisher MIT Press,
Year of publication 2001
300 ## - PHYSICAL DESCRIPTION
Number of Pages 1 online resource (xiii, 342 p.) :
Other physical details ill
650 #0 - SUBJECT ADDED ENTRY--TOPICAL TERM
Topical Term Poor
650 #0 - SUBJECT ADDED ENTRY--TOPICAL TERM
Topical Term Poverty
650 #4 - SUBJECT ADDED ENTRY--TOPICAL TERM
Topical Term Electronic books
650 #0 - SUBJECT ADDED ENTRY--TOPICAL TERM
Topical Term Electronic books.
710 2# - ADDED ENTRY--CORPORATE NAME
Corporate name or jurisdiction name as entry element Ohio Library and Information Network
856 40 - ELECTRONIC LOCATION AND ACCESS
Uniform Resource Identifier http://search.ebscohost.com/login.aspx?direct=true&scope=site&db=nlebk&db=nlabk&AN=62733
856 40 - ELECTRONIC LOCATION AND ACCESS
Uniform Resource Identifier http://proxy.ohiolink.edu:9099/login?url=http://search.ebscohost.com/login.aspx?direct=true&scope=site&db=nlebk&db=nlabk&AN=62733
942 ## - ADDED ENTRY ELEMENTS (KOHA)
Koha item type សៀវភៅភាសាអង់គ្លេស
952 ## - LOCATION AND ITEM INFORMATION (KOHA)
Withdrawn status [LOCAL, KOHA] 0
Holdings
Permanent Location Date acquired Koha item type Lost status Shelving location Barcode Current Location Full call number
Library Block A2017-08-11សៀវភៅភាសាអង់គ្លេស A019A20342Library Block A338 MIT 2001 A019 Or.
មជ្ឈមណ្ឌលឯការនៃសាកលវិទ្យាល័យភូមិន្ទកសិកម្មចំការដូង

Powered by Koha